| Tag |
First Indicator |
Second Indicator |
Subfields |
| LEADER |
00000nam a22000005i 4500 |
| 001 |
in00004383613 |
| 006 |
m o d |
| 007 |
cr nn 008mamaa |
| 008 |
200113s2020 sz | o |||| 0|eng d |
| 005 |
20230829014735.4 |
| 020 |
|
|
|a 9783030301316
|
| 024 |
7 |
|
|a 10.1007/978-3-030-30131-6
|2 doi
|
| 035 |
|
|
|a (DE-He213)978-3-030-30131-6
|
| 050 |
|
4 |
|a HM831-901
|
| 072 |
|
7 |
|a GTF
|2 bicssc
|
| 072 |
|
7 |
|a SOC026000
|2 bisacsh
|
| 072 |
|
7 |
|a GTP
|2 thema
|
| 082 |
0 |
4 |
|a 338.9
|2 23
|
| 100 |
1 |
|
|a Schlogl, Lukas.
|e author.
|4 aut
|4 http://id.loc.gov/vocabulary/relators/aut
|
| 245 |
1 |
0 |
|a Disrupted Development and the Future of Inequality in the Age of Automation /
|c by Lukas Schlogl, Andy Sumner.
|
| 250 |
|
|
|a 1st ed. 2020.
|
| 264 |
|
1 |
|a Cham :
|b Springer International Publishing :
|b Imprint: Palgrave Pivot,
|c 2020.
|
| 300 |
|
|
|a 1 online resource (XI, 102 pages 12 illustrations, 11 illustrations in color.)
|
| 336 |
|
|
|a text
|b txt
|2 rdacontent
|
| 337 |
|
|
|a computer
|b c
|2 rdamedia
|
| 338 |
|
|
|a online resource
|b cr
|2 rdacarrier
|
| 347 |
|
|
|a text file
|b PDF
|2 rda
|
| 490 |
1 |
|
|a Rethinking International Development series
|
| 505 |
0 |
|
|a 1. Chapter 1 Introduction -- 2. Chapter 2: Economic Development and Structural Transformation -- 3. Chapter 3: Deindustrialisation and Tertiarization in the Developing World -- 4. Chapter 4: Technological Transformation -- 5. Chapter 5: Automation and Structural Transformation in Developing Countries -- 6. Chapter 6: Automation, Politics, and Public Policy -- 7. Chapter 7 Conclusions.
|
| 506 |
0 |
|
|a Open Access
|
| 520 |
|
|
|a "A piece of cutting-edge scholarship, this book examines the relationship between robotization and deindustrialization by looking at the global dynamics of job displacement and its likely effect on economic development. Schlogl and Sumner argue convincingly that developing countries face a growing informal, precarious service sector in the age of automation." -Ray Kiely, Professor of International Politics, Queen Mary University of London, UK This open access book examines the future of inequality, work and wages in the age of automation with a focus on developing countries. The authors argue that the rise of a global 'robot reserve army' has profound effects on labor markets and economic development, but, rather than causing mass unemployment, new technologies are more likely to lead to stagnant wages and premature deindustrialization. The book illuminates the debate on the impact of automation upon economic development, in particular issues of poverty, inequality and work. It highlights public policy responses and strategies-ranging from containment to coping mechanisms-to confront the effects of automation. Lukas Schlogl is a political scientist in the Department of Political Science, University of Vienna, Austria. Andy Sumner is Professor of International Development in the Department of International Development at King's College London, UK.
|
| 650 |
|
0 |
|a Economic development.
|
| 650 |
|
0 |
|a Social change.
|
| 650 |
|
0 |
|a Economic policy.
|
| 650 |
|
0 |
|a Economic development-Environmental aspects.
|
| 650 |
1 |
4 |
|a Development and Social Change.
|0 https://scigraph.springernature.com/ontologies/product-market-codes/913030
|
| 650 |
2 |
4 |
|a Development Policy.
|0 https://scigraph.springernature.com/ontologies/product-market-codes/913020
|
| 650 |
2 |
4 |
|a Development and Sustainability.
|0 https://scigraph.springernature.com/ontologies/product-market-codes/913110
|
| 655 |
|
7 |
|a Electronic books.
|2 local
|
| 700 |
1 |
|
|a Sumner, Andy.
|e author.
|4 aut
|4 http://id.loc.gov/vocabulary/relators/aut
|
| 710 |
2 |
|
|a SpringerLink (Online service)
|
| 773 |
0 |
|
|t Springer Nature eBook
|
| 776 |
0 |
8 |
|i Printed edition:
|z 9783030301309
|
| 776 |
0 |
8 |
|i Printed edition:
|z 9783030301323
|
| 776 |
0 |
8 |
|i Printed edition:
|z 9783030301330
|
| 830 |
|
0 |
|a Rethinking International Development series
|
| 856 |
4 |
0 |
|u https://doi.org/10.1007/978-3-030-30131-6
|z Connect to the full text of this electronic book
|t 0
|
| 950 |
|
|
|a Political Science and International Studies (SpringerNature-41174)
|
| 950 |
|
|
|a Political Science and International Studies (R0) (SpringerNature-43724)
|
| 955 |
|
|
|a Springer OA ebooks
|
| 999 |
f |
f |
|s 2b5375fd-ad37-3af4-b7cd-8800118de674
|i 04a06f24-8dcf-3610-ac8d-788ec4328c3e
|t 0
|
| 952 |
f |
f |
|a Texas A&M University
|b College Station
|c Electronic Resources
|d Available Online
|t 0
|e HM831-901
|h Library of Congress classification
|
| 998 |
f |
f |
|a HM831-901
|t 0
|l Available Online
|